<?xml version="1.0" encoding="UTF-8"?>
<record
    xmlns:xsi="http://www.w3.org/2001/XMLSchema-instance"
    xsi:schemaLocation="http://www.loc.gov/MARC21/slim http://www.loc.gov/standards/marcxml/schema/MARC21slim.xsd"
    xmlns="http://www.loc.gov/MARC21/slim">

  <leader>02711nam0a22004451  4500</leader>
  <controlfield tag="001">rc\2798844</controlfield>
  <controlfield tag="005">20250529173815.0</controlfield>
  <datafield tag="035" ind1=" " ind2=" ">
    <subfield code="a">(NLR Aleph) 006924876</subfield>
  </datafield>
  <datafield tag="090" ind1=" " ind2=" ">
    <subfield code="a">7486217</subfield>
    <subfield code="c">7486217</subfield>
  </datafield>
  <datafield tag="100" ind1=" " ind2=" ">
    <subfield code="a">20110915d1936    |||y0rusy50      ca</subfield>
  </datafield>
  <datafield tag="101" ind1="0" ind2=" ">
    <subfield code="a">rus</subfield>
  </datafield>
  <datafield tag="102" ind1=" " ind2=" ">
    <subfield code="a">RU</subfield>
  </datafield>
  <datafield tag="105" ind1=" " ind2=" ">
    <subfield code="a">y   z   |||||</subfield>
  </datafield>
  <datafield tag="200" ind1="1" ind2=" ">
    <subfield code="a">&#x421;&#x431;&#x43E;&#x440;&#x43D;&#x438;&#x43A; &#x43F;&#x435;&#x441;&#x435;&#x43D;</subfield>
    <subfield code="f">&#x423;&#x43A;&#x43E;&#x43C;&#x43F;&#x43B;&#x435;&#x43A;&#x442;&#x443;&#x432;&#x430;&#x432; &#x421;. &#x411;&#x440;&#x43E;&#x434;&#x441;&#x44C;&#x43A;&#x438;&#x439;</subfield>
  </datafield>
  <datafield tag="210" ind1=" " ind2=" ">
    <subfield code="a">&#x414;&#x43D;&#x435;&#x43F;&#x440;&#x43E;&#x43F;&#x435;&#x442;&#x440;&#x43E;&#x432;&#x441;&#x43A;</subfield>
    <subfield code="c">&#x417;&#x430;&#x432;&#x43E;&#x434; &#x438;&#x43C;. &#x425;&#x430;&#x442;&#x430;&#x435;&#x432;&#x438;&#x447;&#x430;</subfield>
    <subfield code="d">1936</subfield>
  </datafield>
  <datafield tag="215" ind1=" " ind2=" ">
    <subfield code="a">&#x41E;&#x431;&#x43B;., 20 &#x441;., &#x431;&#x435;&#x437; &#x442;&#x438;&#x442;. &#x43B;.</subfield>
    <subfield code="d">13&#x445;9,5 &#x441;&#x43C;.</subfield>
  </datafield>
  <datafield tag="300" ind1=" " ind2=" ">
    <subfield code="a">&#x422;&#x435;&#x43A;&#x441;&#x442; &#x43D;&#x430; &#x443;&#x43A;&#x440;. &#x438; &#x440;&#x443;&#x441;. &#x44F;&#x437;.</subfield>
  </datafield>
  <datafield tag="300" ind1=" " ind2=" ">
    <subfield code="a">&#x41D;&#x430; 2 &#x441;. &#x43E;&#x431;&#x43B;.: &#x412;&#x438;&#x434;. &#x440;&#x435;&#x434;&#x430;&#x43A;&#x446;ii &#x433;&#x430;&#x437;. "&#x427;&#x435;&#x440;&#x432;&#x43E;&#x43D;&#x438;&#x439; &#x43C;&#x435;&#x442;&#x430;&#x43B;&#x443;&#x440;&#x433;" &#x442;&#x430; &#x417;&#x430;&#x432;&#x43A;&#x43E;&#x43C; &#x414;&#x417;&#x41C;&#x423;</subfield>
  </datafield>
  <datafield tag="327" ind1="0" ind2=" ">
    <subfield code="a">&#x421;&#x43E;&#x434;&#x435;&#x440;&#x436;&#x430;&#x43D;&#x438;&#x435;: I&#x43D;&#x442;&#x435;&#x440;&#x43D;&#x430;&#x446;i&#x43E;&#x43D;&#x430;&#x43B;. &#x41F;&#x430;&#x440;&#x442;&#x438;&#x437;&#x430;&#x43D; &#x416;&#x435;&#x43B;&#x435;&#x437;&#x43D;&#x44F;&#x43A;. &#x41D;&#x430;&#x441; &#x43F;&#x43E;&#x431;&#x438;&#x442;&#x44C;, &#x43F;&#x43E;&#x431;&#x438;&#x442;&#x44C; &#x445;&#x43E;&#x442;&#x435;&#x43B;&#x438;. &#x41C;&#x43E;&#x43B;&#x43E;&#x434;&#x43E;&#x441;&#x442;&#x44C;. "&#x41A;&#x43E;&#x43C;i&#x43D;&#x442;&#x435;&#x440;&#x43D;" &#x41C;&#x430;&#x440;&#x448; &#x432;&#x435;&#x441;&#x435;&#x43B;&#x44B;&#x445; &#x440;&#x435;&#x431;&#x44F;&#x442;. &#x412;&#x441;&#x435; &#x432;&#x44B;&#x448;&#x435;. &#x41C;&#x430;&#x43B;&#x435;&#x43D;&#x44C;&#x43A;&#x438;&#x439; &#x431;&#x430;&#x440;&#x430;&#x431;&#x430;&#x43D;&#x449;&#x438;&#x43A;. &#x41F;&#x430;&#x440;&#x442;&#x438;&#x437;&#x430;&#x43D;&#x441;&#x43A;&#x430;&#x44F;. &#x41F;&#x435;&#x441;&#x43D;&#x44F; &#x43F;&#x440;&#x43E; &#x421;&#x442;&#x430;&#x43B;&#x438;&#x43D;&#x430;. &#x41F;&#x435;&#x441;&#x43D;&#x44F; &#x43E; &#x432;&#x441;&#x442;&#x440;&#x435;&#x447;&#x43D;&#x43E;&#x43C;. &#x41F;&#x435;&#x441;&#x43D;&#x44F; &#x420;&#x43E;&#x431;&#x435;&#x440;&#x442;&#x430; &#x413;&#x440;&#x430;&#x43D;&#x442;&#x430;. &#x41F;&#x435;&#x441;&#x43D;&#x44F; &#x43E; &#x440;&#x43E;&#x434;&#x438;&#x43D;&#x435;. &#x41A;&#x430;&#x445;&#x43E;&#x432;&#x43A;&#x430;. &#x41A;i&#x43D;&#x43D;&#x43E;&#x442;&#x430; &#x411;&#x443;&#x434;&#x44C;&#x43E;&#x43D;&#x43D;&#x43E;&#x433;&#x43E;. &#x41F;&#x43E;&#x43B;&#x44E;&#x448;&#x43A;&#x43E;-&#x43F;&#x43E;&#x43B;&#x435;...</subfield>
  </datafield>
  <datafield tag="464" ind1=" " ind2="0">
    <subfield code="1">2000#$a&#x41F;&#x435;&#x441;&#x43D;&#x44F; &#x43E; &#x432;&#x441;&#x442;&#x440;&#x435;&#x447;&#x43D;&#x43E;&#x43C;</subfield>
    <subfield code="t">&#x41F;&#x435;&#x441;&#x43D;&#x44F; &#x43E; &#x432;&#x441;&#x442;&#x440;&#x435;&#x447;&#x43D;&#x43E;&#x43C;</subfield>
  </datafield>
  <datafield tag="464" ind1=" " ind2="0">
    <subfield code="1">2000#$a&#x41F;&#x435;&#x441;&#x43D;&#x44F; &#x420;&#x43E;&#x431;&#x435;&#x440;&#x442;&#x430; &#x413;&#x440;&#x430;&#x43D;&#x442;&#x430;</subfield>
    <subfield code="t">&#x41F;&#x435;&#x441;&#x43D;&#x44F; &#x420;&#x43E;&#x431;&#x435;&#x440;&#x442;&#x430; &#x413;&#x440;&#x430;&#x43D;&#x442;&#x430;</subfield>
  </datafield>
  <datafield tag="464" ind1=" " ind2="0">
    <subfield code="1">2000#$a&#x41F;&#x430;&#x440;&#x442;&#x438;&#x437;&#x430;&#x43D;&#x441;&#x43A;&#x430;&#x44F;</subfield>
    <subfield code="t">&#x41F;&#x430;&#x440;&#x442;&#x438;&#x437;&#x430;&#x43D;&#x441;&#x43A;&#x430;&#x44F;</subfield>
  </datafield>
  <datafield tag="464" ind1=" " ind2="0">
    <subfield code="1">2000#$a&#x41F;&#x435;&#x441;&#x43D;&#x44F; &#x43F;&#x440;&#x43E; &#x421;&#x442;&#x430;&#x43B;&#x438;&#x43D;&#x430;</subfield>
    <subfield code="t">&#x41F;&#x435;&#x441;&#x43D;&#x44F; &#x43F;&#x440;&#x43E; &#x421;&#x442;&#x430;&#x43B;&#x438;&#x43D;&#x430;</subfield>
  </datafield>
  <datafield tag="464" ind1=" " ind2="0">
    <subfield code="1">2000#$a&#x41A;i&#x43D;&#x43D;&#x43E;&#x442;&#x430; &#x411;&#x443;&#x434;&#x44C;&#x43E;&#x43D;&#x43D;&#x43E;&#x433;&#x43E;</subfield>
    <subfield code="t">&#x41A;i&#x43D;&#x43D;&#x43E;&#x442;&#x430; &#x411;&#x443;&#x434;&#x44C;&#x43E;&#x43D;&#x43D;&#x43E;&#x433;&#x43E;</subfield>
  </datafield>
  <datafield tag="464" ind1=" " ind2="0">
    <subfield code="1">2000#$a&#x41F;&#x43E;&#x43B;&#x44E;&#x448;&#x43A;&#x43E;-&#x43F;&#x43E;&#x43B;&#x435;...</subfield>
    <subfield code="t">&#x41F;&#x43E;&#x43B;&#x44E;&#x448;&#x43A;&#x43E;-&#x43F;&#x43E;&#x43B;&#x435;...</subfield>
  </datafield>
  <datafield tag="464" ind1=" " ind2="0">
    <subfield code="1">2000#$a&#x41F;&#x435;&#x441;&#x43D;&#x44F; &#x43E; &#x440;&#x43E;&#x434;&#x438;&#x43D;&#x435;</subfield>
    <subfield code="t">&#x41F;&#x435;&#x441;&#x43D;&#x44F; &#x43E; &#x440;&#x43E;&#x434;&#x438;&#x43D;&#x435;</subfield>
  </datafield>
  <datafield tag="464" ind1=" " ind2="0">
    <subfield code="1">2000#$a&#x41A;&#x430;&#x445;&#x43E;&#x432;&#x43A;&#x430;</subfield>
    <subfield code="t">&#x41A;&#x430;&#x445;&#x43E;&#x432;&#x43A;&#x430;</subfield>
  </datafield>
  <datafield tag="464" ind1=" " ind2="0">
    <subfield code="1">2000#$a&#x41D;&#x430;&#x441; &#x43F;&#x43E;&#x431;&#x438;&#x442;&#x44C;, &#x43F;&#x43E;&#x431;&#x438;&#x442;&#x44C; &#x445;&#x43E;&#x442;&#x435;&#x43B;&#x438;</subfield>
    <subfield code="t">&#x41D;&#x430;&#x441; &#x43F;&#x43E;&#x431;&#x438;&#x442;&#x44C;, &#x43F;&#x43E;&#x431;&#x438;&#x442;&#x44C; &#x445;&#x43E;&#x442;&#x435;&#x43B;&#x438;</subfield>
  </datafield>
  <datafield tag="464" ind1=" " ind2="0">
    <subfield code="1">2000#$a&#x41F;&#x430;&#x440;&#x442;&#x438;&#x437;&#x430;&#x43D; &#x416;&#x435;&#x43B;&#x435;&#x437;&#x43D;&#x44F;&#x43A;</subfield>
    <subfield code="t">&#x41F;&#x430;&#x440;&#x442;&#x438;&#x437;&#x430;&#x43D; &#x416;&#x435;&#x43B;&#x435;&#x437;&#x43D;&#x44F;&#x43A;</subfield>
  </datafield>
  <datafield tag="464" ind1=" " ind2="0">
    <subfield code="1">2000#$aI&#x43D;&#x442;&#x435;&#x440;&#x43D;&#x430;&#x446;i&#x43E;&#x43D;&#x430;&#x43B;</subfield>
    <subfield code="t">I&#x43D;&#x442;&#x435;&#x440;&#x43D;&#x430;&#x446;i&#x43E;&#x43D;&#x430;&#x43B;</subfield>
  </datafield>
  <datafield tag="464" ind1=" " ind2="0">
    <subfield code="1">2000#$a&#x41C;&#x43E;&#x43B;&#x43E;&#x434;&#x43E;&#x441;&#x442;&#x44C;</subfield>
    <subfield code="t">&#x41C;&#x43E;&#x43B;&#x43E;&#x434;&#x43E;&#x441;&#x442;&#x44C;</subfield>
  </datafield>
  <datafield tag="464" ind1=" " ind2="0">
    <subfield code="1">2000#$a&#x41C;&#x430;&#x43B;&#x435;&#x43D;&#x44C;&#x43A;&#x438;&#x439; &#x431;&#x430;&#x440;&#x430;&#x431;&#x430;&#x43D;&#x449;&#x438;&#x43A;</subfield>
    <subfield code="t">&#x41C;&#x430;&#x43B;&#x435;&#x43D;&#x44C;&#x43A;&#x438;&#x439; &#x431;&#x430;&#x440;&#x430;&#x431;&#x430;&#x43D;&#x449;&#x438;&#x43A;</subfield>
  </datafield>
  <datafield tag="464" ind1=" " ind2="0">
    <subfield code="1">2000#$a&#x412;&#x441;&#x435; &#x432;&#x44B;&#x448;&#x435;</subfield>
    <subfield code="t">&#x412;&#x441;&#x435; &#x432;&#x44B;&#x448;&#x435;</subfield>
  </datafield>
  <datafield tag="464" ind1=" " ind2="0">
    <subfield code="1">2000#$a"&#x41A;&#x43E;&#x43C;i&#x43D;&#x442;&#x435;&#x440;&#x43D;" &#x41C;&#x430;&#x440;&#x448; &#x432;&#x435;&#x441;&#x435;&#x43B;&#x44B;&#x445; &#x440;&#x435;&#x431;&#x44F;&#x442;</subfield>
    <subfield code="t">"&#x41A;&#x43E;&#x43C;i&#x43D;&#x442;&#x435;&#x440;&#x43D;" &#x41C;&#x430;&#x440;&#x448; &#x432;&#x435;&#x441;&#x435;&#x43B;&#x44B;&#x445; &#x440;&#x435;&#x431;&#x44F;&#x442;</subfield>
  </datafield>
  <datafield tag="702" ind1=" " ind2="1">
    <subfield code="a">&#x411;&#x440;&#x43E;&#x434;&#x441;&#x44C;&#x43A;&#x438;&#x439;</subfield>
    <subfield code="b">&#x421;.</subfield>
    <subfield code="4">220</subfield>
  </datafield>
  <datafield tag="801" ind1=" " ind2="0">
    <subfield code="a">RU</subfield>
    <subfield code="b">NLR</subfield>
    <subfield code="g">psbo</subfield>
  </datafield>
  <datafield tag="801" ind1=" " ind2="1">
    <subfield code="a">RU</subfield>
    <subfield code="b">ELAR</subfield>
    <subfield code="2">rusmarc</subfield>
  </datafield>
  <datafield tag="852" ind1=" " ind2=" ">
    <subfield code="a">NLR</subfield>
    <subfield code="j">36-8/2573</subfield>
  </datafield>
  <datafield tag="942" ind1=" " ind2=" ">
    <subfield code="c">BOOK</subfield>
  </datafield>
  <datafield tag="980" ind1=" " ind2=" ">
    <subfield code="a">NB</subfield>
  </datafield>
  <datafield tag="995" ind1=" " ind2=" ">
    <subfield code="5">2013-10-26</subfield>
    <subfield code="b">NLR02</subfield>
    <subfield code="c">NLR02</subfield>
    <subfield code="e">RFS</subfield>
    <subfield code="f">6924876-10</subfield>
    <subfield code="k">36-8/2573</subfield>
    <subfield code="o">0</subfield>
    <subfield code="r">BOOK</subfield>
    <subfield code="s">3682573_</subfield>
  </datafield>
</record>
